000 00382pab a2200145 454500
008 180718b1986 xxu||||| |||| 00| 0 eng d
100 _aRoy, Somnath
245 _aCommunity participation in primary health care
260 _c1986
300 _a165-91
362 _aOct.-Dec.
700 _aB.B.L. Sharma
773 _aHealth and Population - Perspectives and issues
909 _a9648
999 _c9648
_d9648